000
00262nam a22001217a 4500
008
171127b xxu||||| |||| 00| 0 eng d
041
_a
eng
080
_2
5 ED
_a
54
100
_a
10
101
_a
KIM
245
_a
PSYSICAL CHEMISTRY
_c
PETER.A
942
_2
udc
_c
BK
999
_c
38561
_d
38561